The first industrial nation : an economic history of Britain, 1700-1914 /

Dettagli Bibliografici
Autore principale: Mathias, Peter
Natura: Libro
Lingua:English
Pubblicazione: London ; New York : Routledge, 1988
Edizione:Second edition
Serie:University paperbacks
Soggetti:
Classic Catalogue: View this record in Classic Catalogue
LEADER 01275nam a2200325 a 4500
001 39215
003 BD-DhAAL
008 220728r19881983enka b 001 0 eng d
999 |c 44670  |d 44670 
010 |a  88018400  
020 |a 041502756X (pbk.) 
040 |a DLC  |c DLC  |d DLC  |b BD-DhAAL 
043 |a e-uk--- 
050 0 0 |a HC253  |b .M36 1988 
082 0 0 |a 330.941  |2 19 
100 1 |a Mathias, Peter.  |9 50360 
245 1 4 |a The first industrial nation :  |b an economic history of Britain, 1700-1914 /  |c Peter Mathias. 
250 |a Second edition 
260 |a London ;  |a New York :  |b Routledge,  |c 1988  |g (1989 printing). 
300 |a xvi, 493 pages :  |b illustrations ;  |c 22 cm. 
490 0 |a University paperbacks 
500 |a Originally published: London ; New York : Methuen, 1983. 
504 |a Includes bibliographical references and index. 
541 |a Donated By Akbar Ali Khan  |e 39215 
650 |a Economics.  |9 50361 
651 0 |a Great Britain  |x Economic conditions.  |9 50362 
830 |a University paperbacks  |9 50363 
852 |a Ayesha Abed Library  |c Akbar Ali Khan Collection 
942 |2 ddc  |c BK 
952 |0 0  |1 0  |2 ddc  |4 0  |6 330_941000000000000_MAT  |7 1  |9 71356  |a BRACUL  |b BRACUL  |c AAKC  |d 2022-07-28  |e Donated by Akbar Ali Khan  |l 0  |o 330.941 MAT  |p 3010039215  |r 2022-07-28  |t 1  |w 2022-07-28  |y BK